[Event "Eurasia Open Cup 2019"]
[Site "Ekaterinburg"]
[Date "2019.07.31"]
[Round "1.41"]
[White "Chekletsov, Ilya"]
[Black "Pauli, Stanislav"]
[Result "1-0"]
[WhiteElo "2374"]
[BlackElo "1898"]
[Annotator "NA"]
[PlyCount "85"]
[EventDate "2019.07.31"]
[EventType "swiss"]
[EventCountry "RUS"]
[SourceTitle "playchess.com"]
[Source "ChessBase"]
[SourceQuality "1"]
[TimeControl "5400+30"]

1. d4 {[%emt 0:47:56]} Nf6 {[%emt 0:05:54]} 2. c4 {[%emt 0:00:59]} b6 {[%emt 0:00:13]} 3. a3 {[%emt 0:04:47]} Bb7 {[%emt 0:01:08]} 4. Nc3 {[%emt 0:04:47]} g6 {[%emt 0:00:49]} 5. d5 {[%emt 0:08:55]} Bg7 {[%emt 0:00:30]} 6. g3 {[%emt 0:01:53]} O-O {[%emt 0:01:16]} 7. Bg2 {[%emt 0:01:55]} d6 {[%emt 0:01:44]} 8. Nf3 {[%emt 0:00:37]} c5 {[%emt 0:15:43]} 9. O-O {[%emt 0:00:40]} Na6 {[%emt 0:00:05]} 10. e4 {[%emt 0:00:00]} Nd7 {[%emt 0:00:06]} 11. Re1 {[%emt 0:02:34]} Nc7 {[%emt 0:00:57]} 12. Bf4 {[%emt 0:00:06]} Ne5 {[%emt 0:00:06]} 13. Nxe5 {[%emt 0:02:18]} dxe5 {[%emt 0:00:42]} 14. Be3 {[%emt 0:01:06]} Ba6 {[%emt 0:04:01]} 15. Bf1 {[%emt 0:01:09]} f5 {[%emt 0:00:00]} 16. f3 {[%emt 0:05:28]} f4 {[%emt 0:01:13]} 17. Bf2 {[%emt 0:04:13]} fxg3 {[%emt 0:00:58]} 18. hxg3 {[%emt 0:01:48]} Qd6 {[%emt 0:07:18]} 19. Be3 {[%emt 0:03:39]} h5 {[%emt 0:00:05]} 20. Be2 {[%emt 0:01:53]} Qf6 {[%emt 0:00:28]} 21. Qd2 {[%emt 0:01:00]} Qd6 {[%emt 0:00:14]} 22. Kg2 {[%emt 0:00:02]} Rad8 {[%emt 0:00:46]} 23. Rab1 {[%emt 0:01:00]} Ne6 {[%emt 0:00:39]} 24. dxe6 {[%emt 0:00:29]} Qxd2 {[%emt 0:00:04]} 25. Bxd2 {[%emt 0:00:15]} Rxd2 {[%emt 0:00:07]} 26. Red1 {[%emt 0:01:15]} Rfd8 {[%emt 0:00:11]} 27. Rxd2 {[%emt 0:00:42]} Rxd2 {[%emt 0:00:05]} 28. Kf1 {[%emt 0:02:34]} Bc8 {[%emt 0:58:38]} 29. Ke1 {[%emt 0:00:30]} Rd8 {[%emt 0:00:30]} 30. Nb5 {[%emt 0:00:30]} Bxe6 {[%emt 0:00:30]} 31. Nxa7 {[%emt 0:00:30]} Kf7 {[%emt 0:00:30]} 32. b4 {[%emt 0:00:30]} cxb4 {[%emt 0:00:30]} 33. axb4 {[%emt 0:00:30]} Ra8 {[%emt 0:00:30]} 34. Nc6 {[%emt 0:00:30]} Bd7 {[%emt 0:00:30]} 35. b5 {[%emt 0:00:30]} Bf6 {[%emt 0:00:30]} 36. Nb4 {[%emt 0:00:30]} e6 {[%emt 0:00:30]} 37. Rd1 {[%emt 0:00:30]} Ke7 {[%emt 0:00:30]} 38. Na6 {[%emt 0:00:30]} Bc8 {[%emt 0:00:30]} 39. c5 {[%emt 0:00:30]} Bxa6 {[%emt 0:00:30]} 40. bxa6 {[%emt 0:00:30]} bxc5 {[%emt 0:00:30]} 41. Rb1 {[%emt 0:00:30]} Kd7 {[%emt 0:00:30]} 42. Rb7+ {[%emt 0:00:30]} Kc6 {[%emt 0:00:30]} 43. Bb5+ {[%emt 0:00:30]} 1-0

[Event "Eurasia Open Cup 2019"]
[Site "Ekaterinburg"]
[Date "2019.07.31"]
[Round "1.42"]
[White "Svetlova, Ksenia"]
[Black "Tunik, Gennady"]
[Result "0-1"]
[WhiteElo "1875"]
[BlackElo "2371"]
[Annotator "NA"]
[PlyCount "58"]
[EventDate "2019.07.31"]
[EventType "swiss"]
[EventCountry "RUS"]
[SourceTitle "playchess.com"]
[Source "ChessBase"]
[SourceQuality "1"]
[TimeControl "5400+30"]

1. e4 {[%emt 0:18:42]} c5 {[%emt 0:33:41]} 2. Nf3 {[%emt 0:03:48]} e6 {[%emt 0:08:39]} 3. d4 {[%emt 0:01:25]} cxd4 {[%emt 0:01:34]} 4. Nxd4 {[%emt 0:01:53]} Nc6 {[%emt 0:06:09]} 5. Nc3 {[%emt 0:01:44]} a6 {[%emt 0:03:10]} 6. Be2 {[%emt 0:04:57]} Nge7 {[%emt 0:02:03]} 7. O-O {[%emt 0:00:28]} Nxd4 {[%emt 0:08:42]} 8. Qxd4 {[%emt 0:00:30]} Nc6 {[%emt 0:00:04]} 9. Qd1 {[%emt 0:07:05]} Be7 {[%emt 0:03:27]} 10. Kh1 {[%emt 0:15:16]} b5 {[%emt 0:09:00]} 11. a3 {[%emt 0:00:42]} O-O {[%emt 0:02:00]} 12. f4 {[%emt 0:00:16]} Bb7 {[%emt 0:02:54]} 13. Be3 {[%emt 0:01:44]} Rc8 {[%emt 0:01:47]} 14. Bf3 {[%emt 0:00:27]} Na5 {[%emt 0:00:27]} 15. e5 {[%emt 0:00:14]} Bxf3 {[%emt 0:13:53]} 16. Qxf3 {[%emt 0:38:49]} Nc4 {[%emt 0:00:30]} 17. Bc1 {[%emt 0:00:30]} f6 {[%emt 0:00:30]} 18. exf6 {[%emt 0:00:30]} Bxf6 {[%emt 0:00:30]} 19. Qd3 {[%emt 0:00:30]} d5 {[%emt 0:00:30]} 20. f5 {[%emt 0:00:30]} Bxc3 {[%emt 0:00:30]} 21. Qxc3 {[%emt 0:00:30]} Nd6 {[%emt 0:00:30]} 22. Qe5 {[%emt 0:00:30]} Qd7 {[%emt 0:00:30]} 23. f6 {[%emt 0:00:30]} Ne4 {[%emt 0:00:30]} 24. Bg5 {[%emt 0:00:30]} Rxc2 {[%emt 0:00:30]} 25. fxg7 {[%emt 0:00:30]} Nf2+ {[%emt 0:00:30]} 26. Kg1 {[%emt 0:00:30]} Rf5 {[%emt 0:00:30]} 27. Qb8+ {[%emt 0:00:30]} Rc8 {[%emt 0:00:30]} 28. Qg3 {[%emt 0:00:30]} Ne4 {[%emt 0:00:30]} 29. Qh4 {[%emt 0:00:30]} Rxg5 {[%emt 0:00:30]} 0-1

[Event "Eurasia Open Cup 2019"]
[Site "Ekaterinburg"]
[Date "2019.07.31"]
[Round "1.43"]
[White "Fotin, Vladimir"]
[Black "Yumshanov, Leonid"]
[Result "1-0"]
[WhiteElo "2368"]
[BlackElo "1864"]
[Annotator "NA"]
[PlyCount "53"]
[EventDate "2019.07.31"]
[EventType "swiss"]
[EventCountry "RUS"]
[SourceTitle "playchess.com"]
[Source "ChessBase"]
[SourceQuality "1"]
[TimeControl "5400+30"]

1. Nf3 {[%emt 0:45:47]} Nf6 {[%emt 0:20:43]} 2. c4 {[%emt 0:07:11]} g6 {[%emt 0:01:35]} 3. Nc3 {[%emt 0:00:49]} d5 {[%emt 0:00:11]} 4. cxd5 {[%emt 0:05:26]} Nxd5 {[%emt 0:06:26]} 5. Qc2 {[%emt 0:01:27]} Nb6 {[%emt 0:00:17]} 6. d4 {[%emt 0:04:20]} Nc6 {[%emt 0:03:27]} 7. e4 {[%emt 0:03:33]} Bg7 {[%emt 0:01:53]} 8. d5 {[%emt 0:08:36]} Na5 {[%emt 0:05:43]} 9. Be2 {[%emt 0:00:12]} O-O {[%emt 0:00:06]} 10. O-O {[%emt 0:01:16]} c6 {[%emt 0:00:32]} 11. dxc6 {[%emt 0:04:49]} Nxc6 {[%emt 0:04:53]} 12. Rd1 {[%emt 0:00:07]} Bd7 {[%emt 0:00:51]} 13. Bf4 {[%emt 0:00:00]} e5 {[%emt 0:00:24]} 14. Be3 {[%emt 0:00:14]} Qe7 {[%emt 0:01:12]} 15. Bxb6 {[%emt 0:08:23]} axb6 {[%emt 0:06:30]} 16. Nd5 {[%emt 0:01:51]} Qc5 {[%emt 0:02:47]} 17. Qxc5 {[%emt 0:01:28]} bxc5 {[%emt 0:03:24]} 18. Nb6 {[%emt 0:01:18]} Be6 {[%emt 0:01:46]} 19. Nxa8 {[%emt 0:00:27]} Rxa8 {[%emt 0:00:07]} 20. Rdc1 {[%emt 0:00:28]} b6 {[%emt 0:00:40]} 21. Bc4 {[%emt 0:01:00]} Bg4 {[%emt 0:37:03]} 22. Bd5 {[%emt 0:02:18]} Rc8 {[%emt 0:00:30]} 23. Ng5 {[%emt 0:00:30]} Nd8 {[%emt 0:00:30]} 24. b4 {[%emt 0:00:30]} h6 {[%emt 0:00:30]} 25. Nf3 {[%emt 0:00:30]} Ne6 {[%emt 0:00:30]} 26. bxc5 {[%emt 0:00:30]} Nxc5 {[%emt 0:00:30]} 27. Rab1 {[%emt 0:00:30]} 1-0

[Event "Eurasia Open Cup 2019"]
[Site "Ekaterinburg"]
[Date "2019.07.31"]
[Round "1.44"]
[White "Buchina, Polina"]
[Black "Postnikov, Daniil"]
[Result "0-1"]
[WhiteElo "1863"]
[BlackElo "2354"]
[Annotator "NA"]
[PlyCount "124"]
[EventDate "2019.07.31"]
[EventType "swiss"]
[EventCountry "RUS"]
[SourceTitle "playchess.com"]
[Source "ChessBase"]
[SourceQuality "1"]
[TimeControl "5400+30"]

1. c4 {[%emt 0:12:41]} Nf6 {[%emt 0:47:03]} 2. g3 {[%emt 0:00:51]} c6 {[%emt 0:05:06]} 3. Bg2 {[%emt 0:02:34]} d5 {[%emt 0:06:12]} 4. cxd5 {[%emt 0:13:41]} cxd5 {[%emt 0:03:02]} 5. d4 {[%emt 0:01:15]} g6 {[%emt 0:06:18]} 6. Nc3 {[%emt 0:13:12]} Bg7 {[%emt 0:02:20]} 7. Nf3 {[%emt 0:00:14]} Ne4 {[%emt 0:01:41]} 8. O-O {[%emt 0:00:03]} Nc6 {[%emt 0:04:59]} 9. Bf4 {[%emt 0:00:17]} O-O {[%emt 0:00:01]} 10. Ne5 {[%emt 0:00:22]} Nxc3 {[%emt 0:01:34]} 11. bxc3 {[%emt 0:01:23]} Na5 {[%emt 0:02:31]} 12. e4 {[%emt 0:13:24]} e6 {[%emt 0:07:35]} 13. Qf3 {[%emt 0:00:46]} f6 {[%emt 0:00:05]} 14. Nd3 {[%emt 0:00:56]} e5 {[%emt 0:00:16]} 15. Be3 {[%emt 0:08:14]} b6 {[%emt 0:02:48]} 16. Nb4 {[%emt 0:02:59]} dxe4 {[%emt 0:00:01]} 17. Qxe4 {[%emt 0:00:14]} Bb7 {[%emt 0:01:18]} 18. Qd3 {[%emt 0:00:45]} Bxg2 {[%emt 0:04:51]} 19. Kxg2 {[%emt 0:00:10]} Rc8 {[%emt 0:00:36]} 20. Rac1 {[%emt 0:00:53]} Nc4 {[%emt 0:00:01]} 21. Qe4 {[%emt 0:01:00]} Re8 {[%emt 0:00:46]} 22. Qd5+ {[%emt 0:00:55]} Qxd5+ {[%emt 0:00:50]} 23. Nxd5 {[%emt 0:00:25]} Rcd8 {[%emt 0:00:00]} 24. Nb4 {[%emt 0:00:29]} a5 {[%emt 0:00:37]} 25. Nd3 {[%emt 0:01:17]} Nxe3+ {[%emt 0:00:22]} 26. fxe3 {[%emt 0:02:26]} f5 {[%emt 0:00:25]} 27. Rb1 {[%emt 0:00:18]} Rc8 {[%emt 0:01:02]} 28. Rxb6 {[%emt 0:00:38]} Rxc3 {[%emt 0:00:34]} 29. Nxe5 {[%emt 0:02:31]} Bxe5 {[%emt 0:00:08]} 30. dxe5 {[%emt 0:00:28]} Rxe5 {[%emt 0:00:26]} 31. Rf2 {[%emt 0:01:53]} Rcxe3 {[%emt 0:01:23]} 32. Rbb2 {[%emt 0:00:11]} Kg7 {[%emt 0:00:00]} 33. Rfd2 {[%emt 0:02:29]} Kf6 {[%emt 0:00:37]} 34. Kf2 {[%emt 0:01:20]} Kg5 {[%emt 0:00:22]} 35. Rd7 {[%emt 0:00:04]} h6 {[%emt 0:00:33]} 36. Rd6 {[%emt 0:00:02]} Re6 {[%emt 0:00:10]} 37. Rd5 {[%emt 0:00:32]} Ra3 {[%emt 0:00:38]} 38. Rd4 {[%emt 0:00:20]} Rae3 {[%emt 0:01:07]} 39. Rd5 {[%emt 0:03:29]} a4 {[%emt 0:00:00]} 40. Rc2 {[%emt 0:00:00]} Kg4 {[%emt 0:00:00]} 41. Rd4+ {[%emt 0:00:00]} R3e4 {[%emt 0:00:15]} 42. Rcc4 {[%emt 0:00:00]} Kh3 {[%emt 0:00:40]} 43. Rxa4 {[%emt 0:00:16]} Kxh2 {[%emt 0:01:21]} 44. Rxe4 {[%emt 0:00:43]} fxe4 {[%emt 0:00:48]} 45. Ra3 {[%emt 0:00:13]} Rf6+ {[%emt 0:00:31]} 46. Ke2 {[%emt 0:03:14]} Kg2 {[%emt 0:00:13]} 47. Ra4 {[%emt 0:00:00]} Kxg3 {[%emt 0:00:06]} 48. Rxe4 {[%emt 0:00:00]} Rf2+ {[%emt 0:01:15]} 49. Ke3 {[%emt 0:00:53]} Rxa2 {[%emt 0:00:07]} 50. Re6 {[%emt 0:00:07]} g5 {[%emt 0:00:19]} 51. Rxh6 {[%emt 0:00:27]} g4 {[%emt 0:00:33]} 52. Rg6 {[%emt 0:00:32]} Kh3 {[%emt 0:00:38]} 53. Rh6+ {[%emt 0:00:00]} Kg2 {[%emt 0:00:19]} 54. Rg6 {[%emt 0:14:54]} g3 {[%emt 0:01:37]} 55. Rg7 {[%emt 0:00:30]} Kh2 {[%emt 0:00:30]} 56. Rh7+ {[%emt 0:00:30]} Kg1 {[%emt 0:00:30]} 57. Rg7 {[%emt 0:00:30]} g2 {[%emt 0:00:30]} 58. Rg8 {[%emt 0:00:30]} Kf1 {[%emt 0:00:30]} 59. Rf8+ {[%emt 0:00:30]} Ke1 {[%emt 0:00:30]} 60. Rg8 {[%emt 0:00:30]} Re2+ {[%emt 0:00:30]} 61. Kd3 {[%emt 0:00:30]} Kf1 {[%emt 0:00:30]} 62. Ra8 {[%emt 0:00:30]} g1=Q {[%emt 0:00:30]} 0-1

[Event "Eurasia Open Cup 2019"]
[Site "Ekaterinburg"]
[Date "2019.08.01"]
[Round "2.1"]
[White "Semenova, Elena"]
[Black "Alekseev, Evgeny"]
[Result "0-1"]
[WhiteElo "2286"]
[BlackElo "2645"]
[Annotator "TA"]
[PlyCount "68"]
[EventDate "2019.07.31"]
[EventType "swiss"]
[EventCountry "RUS"]
[SourceTitle "playchess.com"]
[Source "ChessBase"]
[SourceQuality "1"]

{[%evp 12,90,17,-14,-2,-10,0,0,20,0,79,57,39,54,54,-30,-14,-48,-54,-22,-43,-41,-32,-27,-35,-59,-59,-29,-15,-78,-84,-84,-68,-74,-86,-164,-165,-190,-197,-205,-218,-247,-245,-394,-381,-418,-425,-413,-419,-406,-390,-497,-483,-563,-557,-609,-608,-672,-661,-877,-862,-1502,-1525,-1048,-1419,-1133,-1183,-1987,-1865,-2039,-1819,-4894,-4134,-2595,-2809,-2478,-2010,-5736,-5649,-29981,-29982]} 1. e4 c5 2. Nf3 Nc6 3. Bb5 e6 4. O-O Nge7 5. Re1 a6 6. Bf1 d5 7. d3 d4 {B30: Sicilian: 2...Nc6 3 Bb5, lines without ...g6} 8. e5 h6 (8... Nd5 9. c4 dxc3 10. bxc3 Be7 11. c4 Nb6 12. Nc3 O-O 13. Ne4 Nd7 14. Bf4 b6 15. g3 {1-0 (52) Grischuk,A (2772)-Bocharov,D (2583) Riadh 2017}) 9. Nbd2 b6 $146 {The position is equal.} ({Predecessor:} 9... Ng6 10. g3 Qc7 11. Qe2 b6 12. Bg2 Bb7 13. h4 O-O-O 14. a4 Nge7 15. Nc4 Nd5 16. Bd2 Ndb4 17. Bf4 Nd5 18. Bd2 Ndb4 19. Bf4 Nd5 {½-½ (19) Timman,J (2565)-Korneev,O (2657) Barcelona 2006}) 10. g3 g5 (10... Ra7 $11) 11. Ne4 {[%cal Re4f6]} Bg7 $1 12. Bg2 Kf8 13. c4 (13. h4 $14) 13... Ng6 14. Nf6 Bxf6 15. exf6 {Strongly threatening Nxg5.} Bb7 16. Nd2 Qxf6 17. b4 cxb4 18. a3 Qe7 19. axb4 Nxb4 {White must now prevent ...Bxg2.} 20. Ba3 (20. Bxb7 $1 $11 {keeps the balance.} Qxb7 21. Ba3) 20... Bxg2 $17 21. Kxg2 {And now Qa4 would win.} Kg7 22. Nf3 Rhd8 23. Qb1 {[#]} (23. h3 $17) 23... a5 $1 $19 {[%cal Ba6a5,Ba5b4,Bb4b3][%mdl 32] aiming for ...Qb7.} 24. Bxb4 Qxb4 ({But not} 24... axb4 25. Rxa8 Rxa8 26. Nxd4 $17) 25. Qxb4 axb4 26. Rab1 Ra3 27. Red1 (27. h3 $142) 27... g4 28. Ne1 b3 29. Rb2 {[#]} b5 $1 30. c5 (30. cxb5 Rb8) 30... Rc8 31. Rc1 Ne5 32. h3 h5 33. hxg4 hxg4 34. Kf1 Kf6 {Played: Rc8-c6} 0-1

[Event "Eurasia Open Cup 2019"]
[Site "Ekaterinburg"]
[Date "2019.08.01"]
[Round "2.2"]
[White "Khismatullin, Denis"]
[Black "Karpeshov, Oleg"]
[Result "1-0"]
[WhiteElo "2618"]
[BlackElo "2286"]
[Annotator "TA"]
[PlyCount "81"]
[EventDate "2019.07.31"]
[EventType "swiss"]
[EventCountry "RUS"]
[SourceTitle "playchess.com"]
[Source "ChessBase"]
[SourceQuality "1"]

{[%evp 9,81,12,19,10,20,11,19,15,27,32,10,0,70,60,89,70,81,75,67,59,48,50,64,70,63,40,35,35,34,21,29,16,24,27,12,25,54,50,50,50,54,54,53,53,198,198,183,197,191,192,197,200,206,199,223,211,219,221,308,304,299,295,406,316,317,316,315,275,468,429,909,451,828,434]} 1. d4 Nf6 2. c4 g6 3. h4 (3. g3 c6 4. Bg2 d5 5. cxd5 cxd5 6. Nf3 Bg7 7. Ne5 O-O 8. Nc3 Bf5 9. O-O Ne4 10. Bf4 Nxc3 11. bxc3 Nc6 12. Nxc6 bxc6 13. Qa4 e6 14. Qxc6 Rc8 15. Qa4 Rxc3 16. Rfc1 Rxc1+ 17. Rxc1 Qb6 18. e3 {½-½ (39) Ding,L (2812)-Carlsen,M (2845) Shamkir 2019}) 3... c6 4. Nc3 d5 5. cxd5 cxd5 6. Bf4 {E60: King's Indian: Unusual lines and Fianchetto Variation without Nc3} Nc6 7. e3 Bg7 8. Bd3 {The position is equal.} h6 $146 ({Predecessor:} 8... Nh5 9. Bh2 O-O 10. Be2 Nf6 11. h5 Qb6 12. hxg6 fxg6 {½-½ (48) Schramm,A (2477)-Serner,A (2559) ICCF email 2007}) 9. Nf3 O-O 10. Ne5 Nb4 ({Black should try} 10... Nh5 $11) 11. Be2 Bf5 {White should prevent ...Nc2+.} 12. g4 Be6 13. a3 Nc6 14. g5 hxg5 15. hxg5 Ne4 16. Nxc6 bxc6 17. Nxe4 dxe4 18. Rc1 Qb6 19. Qd2 Rfd8 20. Qb4 Bd5 21. Rc5 e5 22. dxe5 Bf8 23. Qxb6 axb6 24. Rc1 b5 25. O-O Re8 26. Rfd1 {And now Bxb5! would win.} Ra5 (26... Rad8 $14) 27. b4 $1 $18 Rxa3 {[#]} 28. Bxb5 $1 {[%mdl 512]} Re6 {[#]} (28... cxb5 29. Rxd5) 29. Bc4 $1 Bxc4 30. Rxc4 Rd3 31. Ra1 Rd8 32. Rxe4 Rb8 {[#]} 33. Ra4 $1 Bg7 34. Bg3 Bf8 35. Rc4 Rb5 36. Kg2 Kg7 37. f4 c5 {[%cal Rc5b4]} 38. bxc5 Bxc5 $2 (38... Rxc5 {was called for.} 39. Kf3 Rec6) 39. Kf3 {White is clearly winning.} Reb6 (39... Re8 $142 40. Be1 Reb8) 40. Be1 (40. Ra8 $142 Rc6 41. Be1) 40... Rb7 (40... Rb8 $142 41. Ra6 Bb4 42. Bxb4 Rxb4) 41. Bc3 {Accuracy: White = 83%, Black = 44%.} 1-0

[Event "Eurasia Open Cup 2019"]
[Site "Ekaterinburg"]
[Date "2019.08.01"]
[Round "2.3"]
[White "Pridorozhni, Aleksei"]
[Black "Tsybikov, Tumen"]
[Result "1-0"]
[WhiteElo "2586"]
[BlackElo "2281"]
[Annotator "ChessBase"]
[PlyCount "51"]
[EventDate "2019.07.31"]
[EventType "swiss"]
[EventCountry "RUS"]
[SourceTitle "playchess.com"]
[Source "ChessBase"]
[SourceQuality "1"]
[TimeControl "5400+30"]

1. e4 {[%emt 0:02:10]} c5 {[%emt 0:00:00]} 2. Nf3 {[%emt 0:00:08]} d6 {[%emt 0:00:00]} 3. Bb5+ {[%emt 0:00:11]} Nd7 {[%emt 0:00:00]} 4. O-O {[%emt 0:00:10]} a6 {[%emt 0:00:02]} 5. Bd3 {[%emt 0:00:10]} Ngf6 {[%emt 0:02:03]} 6. Re1 {[%emt 0:00:12]} e6 {[%emt 0:01:03]} 7. c3 {[%emt 0:00:10]} b5 {[%emt 0:02:26]} 8. Bc2 {[%emt 0:00:25]} Be7 {[%emt 0:01:30]} 9. d4 {[%emt 0:00:20]} O-O {[%emt 0:01:34]} 10. e5 {[%emt 0:02:29]} Nd5 {[%emt 0:05:55]} 11. Qd3 {[%emt 0:01:55]} g6 {[%emt 0:00:33]} 12. Bh6 {[%emt 0:07:15]} Re8 {[%emt 0:03:40]} 13. exd6 {[%emt 0:01:25]} Bxd6 {[%emt 0:03:00]} 14. Nbd2 {[%emt 0:00:00]} cxd4 {[%emt 0:02:05]} 15. Qxd4 {[%emt 0:00:22]} Bf8 {[%emt 0:10:02]} 16. Bxf8 {[%emt 0:00:00]} Rxf8 {[%emt 0:08:38]} 17. Ne4 {[%emt 0:01:02]} Bb7 {[%emt 0:00:54]} 18. Rad1 {[%emt 0:00:49]} N7f6 {[%emt 0:03:56]} 19. Nc5 {[%emt 0:02:08]} Qc7 {[%emt 0:03:27]} 20. Ne5 {[%emt 0:09:45]} Rfd8 {[%emt 0:04:04]} 21. b4 {[%emt 0:03:02]} Ne7 {[%emt 0:04:14]} 22. Qh4 {[%emt 0:03:56]} Nfd5 {[%emt 0:05:48]} 23. Nxf7 {[%emt 0:01:48]} Kxf7 {[%emt 0:08:25]} 24. Qxh7+ {[%emt 0:02:44]} Ke8 {[%emt 0:02:52]} 25. Rxe6 {[%emt 0:01:01]} Kf8 {[%emt 0:00:30]} 26. Rf6+ {[%emt 0:03:45]} 1-0

[Event "Eurasia Open Cup 2019"]
[Site "Ekaterinburg"]
[Date "2019.08.01"]
[Round "2.4"]
[White "Pogorelskikh, Sergey"]
[Black "Shaposhnikov, Evgeny"]
[Result "0-1"]
[WhiteElo "2284"]
[BlackElo "2575"]
[Annotator "ChessBase"]
[PlyCount "101"]
[EventDate "2019.07.31"]
[EventType "swiss"]
[EventCountry "RUS"]
[SourceTitle "playchess.com"]
[Source "ChessBase"]
[SourceQuality "1"]
[TimeControl "5400+30"]

1. e4 {[%emt 0:00:00]} e5 {[%emt 0:08:59]} 2. Nf3 {[%emt 0:00:05]} Nc6 {[%emt 0:00:10]} 3. Bb5 {[%emt 0:00:08]} a6 {[%emt 0:00:39]} 4. Ba4 {[%emt 0:00:34]} Nf6 {[%emt 0:00:09]} 5. O-O {[%emt 0:00:14]} b5 {[%emt 0:00:00]} 6. Bb3 {[%emt 0:00:06]} Bb7 {[%emt 0:00:11]} 7. Re1 {[%emt 0:00:58]} Bc5 {[%emt 0:00:00]} 8. c3 {[%emt 0:00:16]} d6 {[%emt 0:00:00]} 9. d4 {[%emt 0:01:27]} Bb6 {[%emt 0:00:00]} 10. Be3 {[%emt 0:01:32]} O-O {[%emt 0:00:06]} 11. d5 {[%emt 0:00:42]} Ne7 {[%emt 0:00:47]} 12. Bxb6 {[%emt 0:00:43]} cxb6 {[%emt 0:00:31]} 13. a4 {[%emt 0:12:37]} bxa4 {[%emt 0:00:00]} 14. Bxa4 {[%emt 0:00:14]} Ng6 {[%emt 0:00:01]} 15. Nbd2 {[%emt 0:09:41]} h6 {[%emt 0:01:09]} 16. Nf1 {[%emt 0:07:37]} Nf4 {[%emt 0:02:17]} 17. Ng3 {[%emt 0:02:09]} Bc8 {[%emt 0:00:28]} 18. Qd2 {[%emt 0:01:43]} Nh7 {[%emt 0:00:31]} 19. Ne2 {[%emt 0:05:25]} Ng6 {[%emt 0:02:38]} 20. Ng3 {[%emt 0:07:22]} Bg4 {[%emt 0:01:12]} 21. Bd1 {[%emt 0:03:45]} Qf6 {[%emt 0:02:57]} 22. Qe3 {[%emt 0:00:44]} b5 {[%emt 0:04:33]} 23. Nd2 {[%emt 0:02:07]} Bd7 {[%emt 0:10:30]} 24. Rf1 {[%emt 0:02:11]} a5 {[%emt 0:01:38]} 25. Bc2 {[%emt 0:05:50]} Ng5 {[%emt 0:03:42]} 26. Nh5 {[%emt 0:03:33]} Qe7 {[%emt 0:01:01]} 27. Ng3 {[%emt 0:00:32]} Nf4 {[%emt 0:05:12]} 28. Nf3 {[%emt 0:03:58]} Qf6 {[%emt 0:00:34]} 29. Bd1 {[%emt 0:00:51]} g6 {[%emt 0:07:15]} 30. Kh1 {[%emt 0:01:41]} Kg7 {[%emt 0:03:51]} 31. Ne1 {[%emt 0:01:35]} h5 {[%emt 0:02:53]} 32. Ne2 {[%emt 0:03:57]} h4 {[%emt 0:06:42]} 33. f3 {[%emt 0:03:13]} h3 {[%emt 0:01:36]} 34. Nxf4 {[%emt 0:01:03]} exf4 {[%emt 0:00:33]} 35. Qd4 {[%emt 0:01:45]} hxg2+ {[%emt 0:02:35]} 36. Nxg2 {[%emt 0:04:51]} Nh3 {[%emt 0:00:45]} 37. Ne1 {[%emt 0:00:27]} Qxd4 {[%emt 0:02:03]} 38. cxd4 {[%emt 0:00:10]} Rfc8 {[%emt 0:02:44]} 39. Be2 {[%emt 0:04:01]} b4 {[%emt 0:03:02]} 40. Kg2 {[%emt 0:00:04]} a4 {[%emt 0:00:09]} 41. Rh1 {[%emt 0:02:04]} a3 {[%emt 0:01:00]} 42. b3 {[%emt 0:00:10]} Rc3 {[%emt 0:00:38]} 43. Bc4 {[%emt 0:01:11]} Rc8 {[%emt 0:01:43]} 44. Kf1 {[%emt 0:00:58]} R8xc4 {[%emt 0:00:54]} 45. bxc4 {[%emt 0:00:12]} b3 {[%emt 0:02:33]} 46. Rxa3 {[%emt 0:03:54]} b2 {[%emt 0:02:58]} 47. Rxc3 {[%emt 0:00:06]} b1=Q {[%emt 0:00:15]} 48. c5 {[%emt 0:02:29]} Qa1 {[%emt 0:00:06]} 49. Rc2 {[%emt 0:00:04]} Ba4 {[%emt 0:00:06]} 50. Kg2 {[%emt 0:01:03]} Bxc2 {[%emt 0:03:47]} 51. Kxh3 {[%emt 0:00:21]} 0-1

[Event "Eurasia Open Cup 2019"]
[Site "Ekaterinburg"]
[Date "2019.08.01"]
[Round "2.5"]
[White "Bocharov, Ivan"]
[Black "Protopopova, Anastasiya"]
[Result "1-0"]
[WhiteElo "2559"]
[BlackElo "2272"]
[Annotator "ChessBase"]
[PlyCount "71"]
[EventDate "2019.07.31"]
[EventType "swiss"]
[EventCountry "RUS"]
[SourceTitle "playchess.com"]
[Source "ChessBase"]
[SourceQuality "1"]
[TimeControl "5400+30"]

1. c4 {[%emt 0:00:00]} e5 {[%emt 0:00:47]} 2. Nc3 {[%emt 0:00:00]} Nf6 {[%emt 0:00:00]} 3. Nf3 {[%emt 0:00:00]} Nc6 {[%emt 0:00:00]} 4. e3 {[%emt 0:00:00]} Bb4 {[%emt 0:00:27]} 5. Qc2 {[%emt 0:00:00]} Bxc3 {[%emt 0:00:55]} 6. bxc3 {[%emt 0:00:00]} e4 {[%emt 0:05:20]} 7. Ng5 {[%emt 0:00:00]} Qe7 {[%emt 0:01:19]} 8. f3 {[%emt 0:00:15]} exf3 {[%emt 0:00:49]} 9. Nxf3 {[%emt 0:00:04]} O-O {[%emt 0:01:31]} 10. Be2 {[%emt 0:00:34]} b6 {[%emt 0:03:03]} 11. O-O {[%emt 0:01:36]} h6 {[%emt 0:01:07]} 12. d3 {[%emt 0:04:05]} d5 {[%emt 0:03:58]} 13. cxd5 {[%emt 0:01:44]} Nxd5 {[%emt 0:01:25]} 14. Qd2 {[%emt 0:00:59]} Re8 {[%emt 0:14:58]} 15. e4 {[%emt 0:00:18]} Nf6 {[%emt 0:00:13]} 16. Nd4 {[%emt 0:00:46]} Nxd4 {[%emt 0:00:31]} 17. cxd4 {[%emt 0:00:43]} Ba6 {[%emt 0:00:32]} 18. Bb2 {[%emt 0:02:45]} Rad8 {[%emt 0:11:16]} 19. Rae1 {[%emt 0:00:06]} Nd7 {[%emt 0:03:50]} 20. Bd1 {[%emt 0:01:30]} Nf8 {[%emt 0:02:10]} 21. Ba4 {[%emt 0:05:18]} b5 {[%emt 0:01:56]} 22. Bb3 {[%emt 0:02:11]} Ne6 {[%emt 0:05:23]} 23. Re3 {[%emt 0:02:15]} Kh7 {[%emt 0:03:32]} 24. Rg3 {[%emt 0:00:01]} f6 {[%emt 0:00:17]} 25. Qf2 {[%emt 0:02:01]} Kh8 {[%emt 0:03:12]} 26. Bxe6 {[%emt 0:05:32]} Qxe6 {[%emt 0:01:23]} 27. d5 {[%emt 0:01:04]} Qf7 {[%emt 0:09:08]} 28. Qxa7 {[%emt 0:06:31]} Ra8 {[%emt 0:00:13]} 29. Qe3 {[%emt 0:00:03]} Kh7 {[%emt 0:01:10]} 30. Rh3 {[%emt 0:00:28]} Bc8 {[%emt 0:06:59]} 31. Rxf6 {[%emt 0:03:37]} Qxf6 {[%emt 0:01:27]} 32. Bxf6 {[%emt 0:02:43]} Bxh3 {[%emt 0:01:01]} 33. Bd4 {[%emt 0:01:17]} Bd7 {[%emt 0:03:25]} 34. e5 {[%emt 0:01:21]} Rxa2 {[%emt 0:00:36]} 35. e6 {[%emt 0:00:33]} Bc8 {[%emt 0:00:10]} 36. Qe4+ {[%emt 0:02:12]} 1-0